000 00676nam a22002417a 4500
003 UA-OsUOA
001 31530
007 ta
008 20041223b un ||||| |||| 00| 0 ukr d
100 _aУтченко С. Л.
090 _a94(37)
_bУ86
942 _cBK
040 _aUA-OsUOA
_brus
_cUA-OsUOA
_dUA-OsUOA
245 _aИдейно-политическая борьба в Риме накануне падения республики
300 _a300 с.
955 _a0
041 _arus
080 _a94(37)
260 _aМосква
_bИздательство Академии наук СССР
_c1952
044 _aRU
650 7 _2UDC
999 _c317958
_d317958